Hospodářský systém v zemích RVHP

Gespeichert in:
Bibliographische Detailangaben
1. Verfasser: Čípek, Karel
Format: Buch
Sprache:Tschechisch
Veröffentlicht: Praha Horizont 1971
Tags: Tag hinzufügen
Keine Tags, Fügen Sie das erste Tag hinzu!

MARC

LEADER 00000nam a2200000 4500
001 c121925
005 20041019155223.8
041 0 |a cze 
044 |a CZ 
245 1 0 |a Hospodářský systém v zemích RVHP  |c Karel Čípek 
264 1 |a Praha  |b Horizont  |c 1971 
300 |a 38 s. 
100 1 |a Čípek, Karel